000 00951nam a2200253Ia 4500
003 OSt
005 20220923211159.0
006 a|||||r|||| 00| 0
007 ta
008 220922b |||||||| |||| 00| 0 hin d
020 _a8188230987 (hbk)
_c300
024 _a242,809
037 _b143, 14/12/2009, Vidyanidhi Prakashan
_cTextual
040 _aARTS
_cARTS
_bhin
041 _2hin
_ahin
082 _aNA44,2:3(Delta:864), 152P8
100 _aशर्मा, शैलेन्द्र 'दैवज्ञ'
_9159231
245 0 _aवास्तु सर्वस्व
246 _aVāstu sarvasva
260 _aनई दिल्ली
_b रंजन पब्लिकेशन्स
_c2008
300 _a280पृ.
_ccm.
942 _hNA44,2:3(Delta:864), 152P8
_cTEXL
_2CC
999 _c296433
_d296433